Kein anderer Name : Synkretismus oder christlicher Universalismus? /

Hlavní autor: Visser't Hooft, Willem Adolph, 1900-1985
Jazyk: Němčina
Vydáno: Basel : Basileia, 1965
Témata:
Fyzický popis: 134 stran
Knihy
Uloženo v:
LEADER 01307nam a22003612i 4500
001 001521785
003 CZ BrMZK
005 20160422074953.0
007 ta
008 160419s1965 sz fr|||||||||||ger d
040 |a ABD027  |b cze  |c ABD027  |d ABD027  |e rda 
072 7 |a 271/279  |x Křesťanské církve, sekty, denominace  |2 Konspekt  |9 5 
080 |a 271/279  |2 MRF 
080 |a 2-664.3  |2 MRF 
080 |a 27-675  |2 MRF 
080 |a 27-1-67  |2 MRF 
080 |a (048.8)  |2 MRF 
100 1 |a Visser't Hooft, Willem Adolph,  |d 1900-1985  |7 skuk0005742  |4 aut 
245 1 0 |a Kein anderer Name :  |b Synkretismus oder christlicher Universalismus? /  |c W. A. Visser't Hooft 
264 1 |a Basel :  |b Basileia,  |c 1965 
300 |a 134 stran 
336 |a text  |b txt  |2 rdacontent 
337 |a bez média  |b n  |2 rdamedia 
338 |a svazek  |b nc  |2 rdacarrier 
650 0 7 |a křesťanské církve  |7 ph122117  |2 czenas 
650 0 7 |a synkretismus (náboženství)  |7 ph138309  |2 czenas 
650 0 7 |a universalismus (náboženství)  |7 ph116539  |2 czenas 
650 0 7 |a ekumenismus  |7 ph119842  |2 czenas 
650 0 7 |a ekumenická teologie  |7 ph138649  |2 czenas 
655 7 |a monografie  |7 fd132842  |2 czenas 
910 |a BOA001  |b M2-1366.162 
990 |a BK 
996 7 |b 2610668419  |c M2-1366.162  |l MZK  |r Sklad / do 24 hodin  |n 0  |p dar  |w 001557265  |u 000010  |a 1  |e BOA001  |j MZK50  |s A